[Event "3MCR_3DW_1L_3S"]
[Site "?"]
[Date "2009.??.??"]
[Round "?"]
[White "Splichal, Josef"]
[Black "Tunega, Frantisek"]
[Result "1/2-1/2"]
[WhiteElo "2204"]
[BlackElo "2003"]
[Annotator "001"]
[PlyCount "61"]
[EventDate "2009.??.??"]
[EventType "corr"]
[SourceDate "2002.06.29"]

1. e4 c5 2. Nf3 Nc6 3. Bb5 g6 4. Nc3 Bg7 5. O-O d6 6. Bxc6+ bxc6 7. d3 e5 8. h3
Ne7 9. a3 O-O 10. b4 cxb4 11. axb4 Be6 12. Be3 a5 13. Qb1 axb4 14. Rxa8 Qxa8
15. Qxb4 c5 16. Qb6 Nc6 17. Nd5 Bxd5 18. exd5 Nb4 19. Qxd6 Nxd5 20. Re1 c4 21.
dxc4 Nxe3 22. Rxe3 e4 23. Ra3 Qc8 24. Ne5 Rd8 25. Qe7 Bxe5 26. Qxe5 Qxc4 27.
Rc3 Qe2 28. Qf6 Qd1+ 29. Kh2 Qd4 30. Qxd4 Rxd4 31. Kg3 1/2-1/2

[Event "3MCR_3DW_1L_3S"]
[Site "?"]
[Date "2009.??.??"]
[Round "?"]
[White "Tomisek, Petr"]
[Black "Splichal, Josef"]
[Result "1-0"]
[WhiteElo "2166"]
[BlackElo "2204"]
[Annotator "002"]
[PlyCount "57"]
[EventDate "2009.??.??"]
[EventType "corr"]
[SourceDate "2002.06.29"]

1. e4 e5 2. Nf3 Nc6 3. Bc4 Bc5 4. b4 Bxb4 5. c3 Ba5 6. d4 d6 7. Qb3 Nxd4 8.
Nxd4 exd4 9. O-O Bb6 10. Bxf7+ Kf8 11. Bc4 Nf6 12. Nd2 Nd7 13. cxd4 Bxd4 14.
Rb1 Qe7 15. Re1 Ne5 16. Nf3 Nxc4 17. Qxc4 Bb6 18. e5 Be6 19. Qf4+ Bf7 20. exd6
Qxd6 21. Ne5 Qe6 22. Bb2 Kg8 23. Rbd1 h5 24. Qxf7+ Qxf7 25. Nxf7 Kxf7 26. Rd7+
Kg8 27. Rxg7+ Kf8 28. Rd7 Rg8 29. Re5 1-0

[Event "3MCR_3DW_1L_3S"]
[Site "?"]
[Date "2009.??.??"]
[Round "?"]
[White "Tunega, Frantisek"]
[Black "Glaser, Karel"]
[Result "1/2-1/2"]
[WhiteElo "2003"]
[BlackElo "2202"]
[Annotator "003"]
[PlyCount "69"]
[EventDate "2009.??.??"]
[EventType "corr"]
[SourceDate "2002.06.29"]

1. e4 e5 2. Nf3 Nc6 3. Bb5 a6 4. Ba4 Nf6 5. O-O Be7 6. Re1 b5 7. Bb3 O-O 8. a4
b4 9. c3 d6 10. h3 Rb8 11. d4 bxc3 12. bxc3 exd4 13. cxd4 d5 14. e5 Ne4 15. Ba3
Be6 16. Bc2 Bb4 17. Bxb4 Rxb4 18. Qd3 Rb2 19. Re2 Bf5 20. Qa3 Rb4 21. Nc3 Nxc3
22. Qxc3 Rc4 23. Qb3 Qd7 24. Rc1 Qe6 25. Qa3 Nxd4 26. Nxd4 Rxd4 27. Bxf5 Qxf5
28. Rxc7 h6 29. Qb3 Rc8 30. Rxc8+ Qxc8 31. Re1 Rc4 32. Qd3 Qe6 33. a5 g6 34.
Qa3 g5 35. Qd6 1/2-1/2

[Event "3MCR_3DW_1L_3S"]
[Site "?"]
[Date "2009.??.??"]
[Round "?"]
[White "Glaser, Karel"]
[Black "Tomisek, Petr"]
[Result "1/2-1/2"]
[WhiteElo "2202"]
[BlackElo "2166"]
[Annotator "004"]
[PlyCount "60"]
[EventDate "2009.??.??"]
[EventType "corr"]
[SourceDate "2002.06.29"]

1. e4 e5 2. Nf3 Nc6 3. Bb5 f5 4. Nc3 fxe4 5. Nxe4 Nf6 6. Nxf6+ Qxf6 7. Qe2 Be7
8. Bxc6 bxc6 9. Qxe5 d6 10. Qxf6 Bxf6 11. d4 Bf5 12. c3 h6 13. O-O a5 14. Re1+
Kf7 15. Be3 Rab8 16. b3 Rhe8 17. Nd2 a4 18. Red1 Ra8 19. b4 Bd3 20. Rac1 Re6
21. h3 Rae8 22. c4 Be2 23. Re1 Bd3 24. Nf3 Rb8 25. a3 Rbe8 26. c5 Bb5 27. g3 g5
28. cxd6 cxd6 29. Kg2 Bd3 30. g4 Be4 1/2-1/2

[Event "3MCR_3DW_1L_3S"]
[Site "?"]
[Date "2009.??.??"]
[Round "?"]
[White "Tunega, Frantisek"]
[Black "Cakl, Miloslav"]
[Result "1-0"]
[WhiteElo "2003"]
[BlackElo "2041"]
[Annotator "005"]
[PlyCount "53"]
[EventDate "2009.??.??"]
[EventType "corr"]
[SourceDate "2002.06.29"]

1. e4 c5 2. Nf3 d6 3. d4 cxd4 4. Nxd4 Nf6 5. Nc3 a6 6. Bg5 e6 7. f4 Be7 8. Qf3
h6 9. Bh4 O-O 10. O-O-O Qc7 11. g4 Nc6 12. g5 Nxd4 13. Rxd4 hxg5 14. Bxg5 b5
15. Rg1 Qb6 16. Qf2 Rd8 17. f5 exf5 18. Be3 fxe4 19. Rxe4 Nxe4 20. Nxe4 Qa5 21.
Bh6 g6 22. Bd3 Re8 23. Qd4 Bg5+ 24. Bxg5 Re5 25. Qxd6 Rxg5 26. Nxg5 Qxa2 27.
Bxg6 1-0

[Event "3MCR_3DW_1L_3S"]
[Site "?"]
[Date "2009.??.??"]
[Round "?"]
[White "Schoupal, Patrik"]
[Black "Tyrlik, Jaroslav"]
[Result "1/2-1/2"]
[WhiteElo "2000"]
[BlackElo "2039"]
[Annotator "006"]
[PlyCount "35"]
[EventDate "2009.??.??"]
[EventType "corr"]
[SourceDate "2002.06.29"]

1. e4 e5 2. Nf3 Nf6 3. Nc3 Nc6 4. Bb5 Bc5 5. O-O O-O 6. Nxe5 Nxe5 7. d4 Bd6 8.
f4 Neg4 9. e5 Bb4 10. Qf3 d5 11. h3 Bf5 12. Bd3 Be4 13. Qd1 Nh6 14. exf6 Bxc3
15. bxc3 Qxf6 16. Rb1 b6 17. f5 Nxf5 18. g4 1/2-1/2

[Event "3MCR_3DW_1L_3S"]
[Site "?"]
[Date "2009.??.??"]
[Round "?"]
[White "Splichal, Josef"]
[Black "Pravec, Ladislav"]
[Result "1/2-1/2"]
[WhiteElo "2204"]
[BlackElo "2338"]
[Annotator "007"]
[PlyCount "45"]
[EventDate "2009.??.??"]
[EventType "corr"]
[SourceDate "2002.06.29"]

1. e4 c5 2. Nf3 Nc6 3. d4 cxd4 4. Nxd4 Nf6 5. Nc3 e5 6. Ndb5 d6 7. Bg5 a6 8.
Na3 b5 9. Nd5 Be7 10. Bxf6 Bxf6 11. c3 O-O 12. Nc2 Bg5 13. h4 Bh6 14. g4 Bf4
15. Qf3 Re8 16. Bg2 a5 17. g5 b4 18. cxb4 Nxb4 19. Ncxb4 axb4 20. Nxf4 exf4 21.
O-O Ra5 22. Qxf4 h6 23. g6 1/2-1/2

[Event "3MCR_3DW_1L_3S"]
[Site "?"]
[Date "2009.??.??"]
[Round "?"]
[White "Cakl, Miloslav"]
[Black "Glaser, Karel"]
[Result "0-1"]
[WhiteElo "2041"]
[BlackElo "2202"]
[Annotator "008"]
[PlyCount "68"]
[EventDate "2009.??.??"]
[EventType "corr"]
[SourceDate "2002.06.29"]

1. Nf3 Nf6 2. c4 e6 3. d4 d5 4. Nc3 Be7 5. Bg5 h6 6. Bxf6 Bxf6 7. cxd5 exd5 8.
Qb3 c6 9. e4 dxe4 10. Nxe4 O-O 11. Bc4 b5 12. Bd3 Bxd4 13. O-O-O Be6 14. Qc2
Bb6 15. Bxb5 cxb5 16. Rxd8 Rxd8 17. a3 Na6 18. Rd1 Rdc8 19. Nc3 b4 20. axb4
Nxb4 21. Qe4 Rab8 22. Rd6 Na2+ 23. Kd1 Bb3+ 24. Kd2 Re8 25. Qh4 Bc5 26. Rd3 Nb4
27. Re3 Bxe3+ 28. fxe3 Nd5 29. e4 Nxc3 30. bxc3 a5 31. Qh5 Rxe4 32. Qxa5 Bc4
33. Kc2 Re2+ 34. Nd2 Be6 0-1

[Event "3MCR_3DW_1L_3S"]
[Site "?"]
[Date "2009.??.??"]
[Round "?"]
[White "Cakl, Miloslav"]
[Black "Schoupal, Patrik"]
[Result "0-1"]
[WhiteElo "2041"]
[BlackElo "2000"]
[Annotator "009"]
[PlyCount "68"]
[EventDate "2009.??.??"]
[EventType "corr"]
[SourceDate "2002.06.29"]

1. e4 c5 2. Nf3 d6 3. d4 cxd4 4. Nxd4 Nf6 5. Nc3 a6 6. Bg5 e6 7. f4 Qb6 8. Nb3
Be7 9. Qf3 Nbd7 10. Be2 Qc7 11. O-O-O b5 12. Bxf6 Nxf6 13. e5 Bb7 14. Qg3 dxe5
15. fxe5 Nd7 16. Rxd7 Kxd7 17. Rd1+ Kc8 18. Qxg7 Rd8 19. Bd3 Bf8 20. Qg3 b4 21.
Ne2 a5 22. Ned4 Qb6 23. Nf3 a4 24. Nbd2 Bd5 25. Kb1 a3 26. b3 Qc7 27. Nc4 Bxc4
28. bxc4 Qxc4 29. Qe1 Qc3 30. Qxc3+ bxc3 31. Ng5 Ra7 32. g3 Rb7+ 33. Ka1 Bg7
34. Nf3 Bh6 0-1

[Event "3MCR_3DW_1L_3S"]
[Site "?"]
[Date "2009.??.??"]
[Round "?"]
[White "Tunega, Frantisek"]
[Black "Svoboda, Frantisek"]
[Result "1/2-1/2"]
[WhiteElo "2003"]
[BlackElo "2374"]
[Annotator "010"]
[PlyCount "49"]
[EventDate "2009.??.??"]
[EventType "corr"]
[SourceDate "2002.06.29"]

1. e4 e6 2. d4 d5 3. Nc3 Nf6 4. Bg5 dxe4 5. Nxe4 Be7 6. Bxf6 Bxf6 7. Nf3 Nd7 8.
Bd3 c5 9. Nxf6+ Nxf6 10. dxc5 Qa5+ 11. c3 Qxc5 12. O-O Bd7 13. Re1 O-O 14. Ne5
Bc6 15. Qc2 a5 16. a3 a4 17. Rad1 Rfd8 18. Qe2 g6 19. Bc2 Rd5 20. h3 Rad8 21.
Qe3 Qxe3 22. fxe3 Ra8 23. Nxc6 bxc6 24. Rd4 c5 25. Rxa4 1/2-1/2

[Event "3MCR_3DW_1L_3S"]
[Site "?"]
[Date "2009.??.??"]
[Round "?"]
[White "Tomisek, Petr"]
[Black "Schoupal, Patrik"]
[Result "0-1"]
[WhiteElo "2166"]
[BlackElo "2000"]
[Annotator "011"]
[PlyCount "80"]
[EventDate "2009.??.??"]
[EventType "corr"]
[SourceDate "2002.06.29"]

1. e4 c5 2. d4 cxd4 3. c3 dxc3 4. Nxc3 Nc6 5. Nf3 d6 6. Bc4 e6 7. O-O Be7 8.
Qe2 Nf6 9. Rd1 e5 10. h3 O-O 11. Bb5 Bd7 12. Bg5 a6 13. Ba4 b5 14. Bb3 Be6 15.
Qd2 h6 16. Bxf6 Bxf6 17. Bd5 Rc8 18. Bxe6 fxe6 19. Qxd6 Nd4 20. Qxd8 Nxf3+ 21.
gxf3 Rfxd8 22. Rxd8+ Bxd8 23. Rd1 b4 24. Na4 Bh4 25. Rd2 a5 26. b3 Bg5 27. Re2
Rc1+ 28. Kh2 Kf7 29. Nb6 Ke7 30. Kg2 Bf4 31. Rb2 Rc3 32. Re2 Kd6 33. Nc4+ Rxc4
34. bxc4 Kc5 35. Rb2 a4 36. Rc2 b3 37. axb3 axb3 38. Rc3 Kb4 39. Rd3 b2 40. Rd8
Kb3 0-1

[Event "3MCR_3DW_1L_3S"]
[Site "?"]
[Date "2009.??.??"]
[Round "?"]
[White "Splichal, Josef"]
[Black "Glaser, Karel"]
[Result "1/2-1/2"]
[WhiteElo "2204"]
[BlackElo "2202"]
[Annotator "012"]
[PlyCount "147"]
[EventDate "2009.??.??"]
[EventType "corr"]
[SourceDate "2002.06.29"]

1. e4 e5 2. Nf3 Nc6 3. Bb5 a6 4. Ba4 Nf6 5. O-O Be7 6. Re1 b5 7. Bb3 O-O 8. c3
d6 9. h3 Na5 10. Bc2 c5 11. d4 Nd7 12. Nbd2 exd4 13. cxd4 Nc6 14. d5 Nce5 15.
a4 Bb7 16. Nxe5 Nxe5 17. f4 Ng6 18. Nf3 Re8 19. Be3 Bf6 20. Rb1 Qa5 21. Kh2 Qc7
22. Qd2 Nh4 23. Nxh4 Bxh4 24. Bf2 Bxf2 25. Qxf2 Rad8 26. Rbd1 f6 27. Qh4 h6 28.
Qg4 Kf8 29. Re3 c4 30. axb5 axb5 31. b3 Qd7 32. Qe2 Rc8 33. bxc4 Rxc4 34. Rb1
Bxd5 35. Bd3 Qa7 36. Bxc4 Bxc4 37. Qd2 d5 38. e5 d4 39. Rg3 fxe5 40. fxe5 Qc7
41. Qxd4 Qxe5 42. Rd1 Qxd4 43. Rxd4 Re7 44. Rg6 Rb7 45. Rc6 Kf7 46. Kg3 Kf8 47.
h4 Ke7 48. Kf4 Bf7 49. Rb4 Bd5 50. Rg6 Kf7 51. h5 Bc4 52. g4 Kf8 53. Rc6 Rf7+
54. Kg3 Rd7 55. Rb1 Ra7 56. Rb6 Kf7 57. Re1 Kf8 58. Re3 Kf7 59. Re4 Rd7 60. Kf4
Kf8 61. Re5 Rc7 62. Re3 Rf7+ 63. Kg3 Ra7 64. Re5 Rc7 65. Kh4 Kf7 66. Re4 Rd7
67. Re5 Rc7 68. Rf5+ Ke8 69. Kg3 Ke7 70. Kf4 Bd3 71. Re5+ Kf7 72. Re3 Rd7 73.
Re1 Bc4 74. Re5 1/2-1/2

[Event "3MCR_3DW_1L_3S"]
[Site "?"]
[Date "2009.??.??"]
[Round "?"]
[White "Tunega, Frantisek"]
[Black "Pravec, Ladislav"]
[Result "1/2-1/2"]
[WhiteElo "2003"]
[BlackElo "2338"]
[Annotator "013"]
[PlyCount "60"]
[EventDate "2009.??.??"]
[EventType "corr"]
[SourceDate "2002.06.29"]

1. e4 c5 2. Nf3 Nc6 3. d4 cxd4 4. Nxd4 Nf6 5. Nc3 e5 6. Ndb5 d6 7. Bg5 a6 8.
Na3 b5 9. Bxf6 gxf6 10. Nd5 f5 11. Bd3 Be6 12. Qh5 Rg8 13. g3 Rg5 14. Qd1 Bxd5
15. exd5 Ne7 16. c3 Bh6 17. Be2 Qb6 18. c4 Kf8 19. cxb5 axb5 20. Nxb5 e4 21.
Qc2 Nxd5 22. a4 f4 23. Qxe4 Re5 24. Qxh7 Bg7 25. Qd3 Nb4 26. Qb3 f3 27. Qxf3
Rae8 28. O-O Rxe2 29. Rac1 R2e6 30. Rc7 Rf6 1/2-1/2

[Event "3MCR_3DW_1L_3S"]
[Site "?"]
[Date "2009.??.??"]
[Round "?"]
[White "Tyrlik, Jaroslav"]
[Black "Tunega, Frantisek"]
[Result "1/2-1/2"]
[WhiteElo "2039"]
[BlackElo "2003"]
[Annotator "014"]
[PlyCount "94"]
[EventDate "2009.??.??"]
[EventType "corr"]
[SourceDate "2002.06.29"]

1. e4 c5 2. Nf3 Nc6 3. Bc4 e6 4. O-O d5 5. exd5 exd5 6. Bb5 Bd6 7. d4 Nge7 8.
dxc5 Bxc5 9. Nbd2 O-O 10. Nb3 Bd6 11. Re1 h6 12. c3 Nf5 13. Bd3 Re8 14. Rxe8+
Qxe8 15. Bd2 Qd8 16. Qe2 Be6 17. Bc2 a6 18. Qd3 Qf6 19. Nbd4 Ncxd4 20. Nxd4
Nxd4 21. Qh7+ Kf8 22. cxd4 Rc8 23. Re1 Ke7 24. Qd3 Kf8 25. h3 Rc4 26. Qh7 Qxd4
27. Bd3 Rc7 28. Ba5 b6 29. Bc3 Rxc3 30. bxc3 Qxc3 31. Rb1 b5 32. Bf5 Ke7 33.
Bxe6 fxe6 34. Qg6 b4 35. Qg4 a5 36. Qh4+ Qf6 37. Qg4 a4 38. Re1 Bc5 39. Qg3 Kd7
40. Rc1 Bb6 41. Rc2 Qd4 42. Qf3 Bc5 43. Rc1 Ke7 44. Qe2 a3 45. Re1 Qf6 46. Qc2
Qd4 47. Qf5 Qf6 1/2-1/2

[Event "3MCR_3DW_1L_2S"]
[Site "?"]
[Date "2009.??.??"]
[Round "?"]
[White "Pirhala, Ladislav"]
[Black "Zahour, Jiri"]
[Result "1-0"]
[WhiteElo "2190"]
[BlackElo "2321"]
[Annotator "001"]
[PlyCount "47"]
[EventDate "2009.??.??"]
[EventType "corr"]
[SourceDate "2002.06.29"]

1. e4 c5 2. Nf3 d6 3. d4 cxd4 4. Nxd4 Nf6 5. Nc3 g6 6. Be3 Bg7 7. f3 O-O 8. Qd2
Nc6 9. Bc4 Bd7 10. O-O-O Rc8 11. Bb3 Na5 12. Kb1 a6 13. g4 b5 14. h4 b4 15. Nd5
Nxd5 16. exd5 Nxb3 17. Nxb3 a5 18. h5 a4 19. Nd4 b3 20. axb3 axb3 21. Nxb3 e5
22. dxe6 Bxe6 23. Bd4 Qb6 24. Bxb6 1-0

[Event "3MCR_3DW_1L_2S"]
[Site "?"]
[Date "2009.??.??"]
[Round "?"]
[White "Pirhala, Ladislav"]
[Black "Schwarz, Jan"]
[Result "1/2-1/2"]
[WhiteElo "2190"]
[BlackElo "2251"]
[Annotator "002"]
[PlyCount "68"]
[EventDate "2009.??.??"]
[EventType "corr"]
[SourceDate "2002.06.29"]

1. e4 e5 2. Nf3 Nc6 3. Bb5 a6 4. Ba4 Nf6 5. O-O Be7 6. Re1 b5 7. Bb3 O-O 8. c3
d5 9. exd5 Nxd5 10. Nxe5 Nxe5 11. Rxe5 c6 12. d4 Bd6 13. Re1 Qh4 14. g3 Qh3 15.
Bxd5 cxd5 16. Qf3 Bf5 17. Qxd5 Rae8 18. Bd2 Bd3 19. Na3 Bxa3 20. bxa3 Bc4 21.
Qf3 Re6 22. Re3 h6 23. Rae1 Bxa2 24. Re5 Rxe5 25. Rxe5 Bc4 26. Qd1 f6 27. Re3
h5 28. Re7 h4 29. Bf4 hxg3 30. fxg3 Bd5 31. Qe2 Rc8 32. Bc7 Qf5 33. Ba5 Qb1+
34. Qf1 Qg6 1/2-1/2

[Event "3MCR_3DW_1L_2S"]
[Site "?"]
[Date "2009.??.??"]
[Round "?"]
[White "Kyhos, Alois"]
[Black "Schwarz, Jan"]
[Result "1/2-1/2"]
[WhiteElo "2146"]
[BlackElo "2251"]
[Annotator "003"]
[PlyCount "58"]
[EventDate "2009.??.??"]
[EventType "corr"]
[SourceDate "2002.06.29"]

1. e4 e5 2. Nf3 Nc6 3. Bb5 a6 4. Ba4 Nf6 5. O-O Be7 6. Re1 b5 7. Bb3 O-O 8. c3
d5 9. exd5 Nxd5 10. Nxe5 Nxe5 11. Rxe5 c6 12. d4 Bd6 13. Re1 Qh4 14. g3 Qh3 15.
Be3 Bg4 16. Qd3 f5 17. f4 Kh8 18. Bxd5 cxd5 19. Nd2 g5 20. Qf1 Qh5 21. a4 Rae8
22. axb5 axb5 23. fxg5 Rxe3 24. Rxe3 f4 25. gxf4 Bxf4 26. Rg3 Qxg5 27. Kh1 Bd6
28. Qg2 Bxg3 29. Qxg3 h5 1/2-1/2

[Event "3MCR_3DW_1L_2S"]
[Site "?"]
[Date "2009.??.??"]
[Round "?"]
[White "Hrdy, Roman"]
[Black "Kyhos, Alois"]
[Result "1/2-1/2"]
[WhiteElo "2264"]
[BlackElo "2146"]
[Annotator "004"]
[PlyCount "54"]
[EventDate "2009.??.??"]
[EventType "corr"]
[SourceDate "2002.06.29"]

1. d4 Nf6 2. Bg5 h6 3. Bxf6 exf6 4. e3 d5 5. Bd3 Bd6 6. Nd2 c6 7. Qf3 Be6 8.
Ne2 Qd7 9. h3 Na6 10. c3 Nc7 11. O-O-O f5 12. Kb1 O-O-O 13. Nf4 Rhf8 14. h4 g5
15. Nxe6 fxe6 16. hxg5 hxg5 17. Qh5 g4 18. f3 Qg7 19. Qh7 Qg5 20. Qh6 Qxh6 21.
Rxh6 gxf3 22. gxf3 c5 23. Rdh1 Rg8 24. f4 Rg3 25. R6h3 Rdg8 26. Nf3 c4 27. Bf1
Ne8 1/2-1/2

[Event "3MCR_3DW_1L_2S"]
[Site "?"]
[Date "2009.??.??"]
[Round "?"]
[White "Pirhala, Ladislav"]
[Black "Vozda, Jindrich"]
[Result "1/2-1/2"]
[WhiteElo "2190"]
[BlackElo "2444"]
[Annotator "005"]
[PlyCount "50"]
[EventDate "2009.??.??"]
[EventType "corr"]
[SourceDate "2002.06.29"]

1. e4 e5 2. Nf3 Nc6 3. Bb5 a6 4. Ba4 Nf6 5. O-O b5 6. Bb3 Bb7 7. d3 Bc5 8. Nc3
O-O 9. Bd2 h6 10. Nd5 d6 11. a4 Nb8 12. axb5 axb5 13. Rxa8 Bxa8 14. Ne3 Bxe3
15. Bxe3 Nbd7 16. Nh4 Nxe4 17. Ng6 Re8 18. dxe4 Bxe4 19. Qg4 Nf6 20. Qg3 Nh5
21. Qg4 Nf6 22. Qg3 Nh5 23. Qg4 Nf6 24. Qg3 Nh5 25. Qg4 Nf6 1/2-1/2

[Event "3MCR_3DW_1L_2S"]
[Site "?"]
[Date "2009.??.??"]
[Round "?"]
[White "Hrdy, Roman"]
[Black "Zahour, Jiri"]
[Result "1/2-1/2"]
[WhiteElo "2264"]
[BlackElo "2321"]
[Annotator "006"]
[PlyCount "76"]
[EventDate "2009.??.??"]
[EventType "corr"]
[SourceDate "2002.06.29"]

1. d4 d5 2. c4 c6 3. Nf3 Nf6 4. Nc3 e6 5. Bg5 h6 6. Bh4 dxc4 7. e4 g5 8. Bg3 b5
9. Be2 Bb7 10. O-O Nbd7 11. Ne5 Bg7 12. Nxd7 Nxd7 13. Bd6 Bf8 14. Bxf8 Kxf8 15.
e5 Qb6 16. f4 Rg8 17. Bh5 Rd8 18. Kh1 c5 19. d5 gxf4 20. Qf3 f5 21. Qxf4 Rg5
22. Bf3 Kg8 23. dxe6 Bxf3 24. gxf3 Qxe6 25. Rg1 Kh7 26. Rxg5 hxg5 27. Qxg5 Rg8
28. Qh5+ Kg7 29. Nxb5 Kf8 30. Rd1 Nxe5 31. Rd8+ Kg7 32. Rd6 Qe7 33. Qh6+ Kf7
34. Ra6 Rg1+ 35. Kxg1 Nxf3+ 36. Kf2 Qe1+ 37. Kxf3 Qf1+ 38. Kg3 Qd3+ 1/2-1/2

[Event "3MCR_3DW_1L_2S"]
[Site "?"]
[Date "2009.??.??"]
[Round "?"]
[White "Mezera, Lukas"]
[Black "Docekal, Ales"]
[Result "1/2-1/2"]
[WhiteElo "2213"]
[BlackElo "2108"]
[Annotator "007"]
[PlyCount "39"]
[EventDate "2009.??.??"]
[EventType "corr"]
[SourceDate "2002.06.29"]

1. e4 c5 2. Nf3 d6 3. d4 cxd4 4. Nxd4 Nf6 5. Nc3 a6 6. Bg5 e6 7. f4 Qb6 8. Qd2
Qxb2 9. Rb1 Qa3 10. e5 h6 11. Bh4 dxe5 12. fxe5 g5 13. exf6 gxh4 14. Ne4 Nd7
15. Be2 Qxa2 16. O-O Qd5 17. Bf3 Ne5 18. Qe3 Bc5 19. Nxc5 Qxc5 20. c3 1/2-1/2

[Event "3MCR_3DW_1L_2S"]
[Site "?"]
[Date "2009.??.??"]
[Round "?"]
[White "Mezera, Lukas"]
[Black "Vozda, Jindrich"]
[Result "1/2-1/2"]
[WhiteElo "2213"]
[BlackElo "2444"]
[Annotator "008"]
[PlyCount "39"]
[EventDate "2009.??.??"]
[EventType "corr"]
[SourceDate "2002.06.29"]

1. Nf3 c5 2. c4 b6 3. g3 Bb7 4. Bg2 g6 5. O-O Bg7 6. Nc3 Nf6 7. Re1 O-O 8. e4
Nc6 9. e5 Ne8 10. d4 Nxd4 11. Nxd4 Bxg2 12. Kxg2 cxd4 13. Qxd4 d6 14. Bf4 dxe5
15. Qxd8 Rxd8 16. Bxe5 f6 17. Bf4 g5 18. Be3 Nd6 19. Nd5 Nf5 20. Rad1 1/2-1/2

[Event "3MCR_3DW_1L_2S"]
[Site "?"]
[Date "2009.??.??"]
[Round "?"]
[White "Kyhos, Alois"]
[Black "Sykora, Josef"]
[Result "1/2-1/2"]
[WhiteElo "2146"]
[BlackElo "2317"]
[Annotator "009"]
[PlyCount "81"]
[EventDate "2009.??.??"]
[EventType "corr"]
[SourceDate "2002.06.29"]

1. e4 e5 2. Nf3 Nc6 3. Bb5 a6 4. Ba4 Nf6 5. O-O Be7 6. Re1 b5 7. Bb3 O-O 8. c3
d6 9. h3 Nb8 10. d4 Nbd7 11. Nbd2 Bb7 12. Bc2 Re8 13. Nf1 Bf8 14. Ng3 g6 15.
Bg5 h6 16. Bd2 Bg7 17. a4 c5 18. d5 c4 19. Be3 Qc7 20. Qd2 Kh7 21. Nh2 Nc5 22.
Ng4 Ng8 23. Qe2 h5 24. Nh2 Nf6 25. Nf3 Kg8 26. Nd2 Nfd7 27. Reb1 Nb6 28. axb5
axb5 29. b3 cxb3 30. Nxb3 Rxa1 31. Rxa1 Nxb3 32. Bxb3 Qxc3 33. Rb1 Qa5 34. Qa2
Na4 35. Bxa4 Ra8 36. Ne2 Bc8 37. Bb3 Qxa2 38. Bxa2 Rxa2 39. Nc3 Ra8 40. Rxb5
Bf8 41. Bg5 1/2-1/2

[Event "3MCR_3DW_1L_2S"]
[Site "?"]
[Date "2009.??.??"]
[Round "?"]
[White "Schwarz, Jan"]
[Black "Docekal, Ales"]
[Result "1/2-1/2"]
[WhiteElo "2251"]
[BlackElo "2108"]
[Annotator "010"]
[PlyCount "64"]
[EventDate "2009.??.??"]
[EventType "corr"]
[SourceDate "2002.06.29"]

1. e4 c5 2. Nf3 d6 3. d4 cxd4 4. Nxd4 Nf6 5. Nc3 a6 6. Be3 e5 7. Nb3 Be6 8. f3
Be7 9. Qd2 O-O 10. O-O-O Nbd7 11. g4 b5 12. Kb1 b4 13. Ne2 a5 14. g5 Ne8 15. h4
a4 16. Nbc1 Nb6 17. Ng3 d5 18. Bxb6 Qxb6 19. exd5 Rd8 20. Bc4 Nc7 21. dxe6 Rxd2
22. exf7+ Kh8 23. Rxd2 Nb5 24. Rd5 Nd6 25. Bd3 Rxf7 26. Ne4 Rxf3 27. Rxe5 Bf8
28. Nc5 a3 29. N1b3 Nb7 30. Nxb7 Qxb7 31. Rhe1 Qd7 32. Bb5 Qd6 1/2-1/2

[Event "3MCR_3DW_1L_3S"]
[Site "?"]
[Date "2009.??.??"]
[Round "?"]
[White "Tyrlik, Jaroslav"]
[Black "Glaser, Karel"]
[Result "1/2-1/2"]
[WhiteElo "2039"]
[BlackElo "2202"]
[Annotator "015"]
[PlyCount "124"]
[EventDate "2009.??.??"]
[EventType "corr"]
[SourceDate "2002.06.29"]

1. d4 Nf6 2. c4 e6 3. Nf3 d5 4. e3 c6 5. Nbd2 Be7 6. Bd3 O-O 7. O-O c5 8. cxd5
exd5 9. dxc5 a5 10. b3 Nbd7 11. Bb2 Nxc5 12. Qc2 Nxd3 13. Qxd3 b6 14. Rfd1 Ba6
15. Qf5 Rc8 16. Nf1 g6 17. Qe5 Rc2 18. Rd2 Rc6 19. Ng3 Re8 20. Qd4 Qc7 21. a3
Rc8 22. Rad1 Bc5 23. Qa4 Be7 24. h3 Bb7 25. Qd4 Rc2 26. Rxc2 Qxc2 27. Rd2 Qc5
28. Qf4 Qc6 29. Qg5 Bd8 30. Nd4 Qc7 31. Qh6 Ne8 32. Nf3 Qe7 33. Ne2 Bc7 34. Nc3
Bd6 35. a4 f6 36. Qh4 Bb4 37. Rc2 Nd6 38. Nd4 Kg7 39. Qg4 Kf7 40. h4 h5 41. Qd1
Bc5 42. Rc1 Qd7 43. Qd3 Ne4 44. Ncb5 Bf8 45. Rxc8 Qxc8 46. Qb1 Ba6 47. Qd1 Qd7
48. Nc3 Nxc3 49. Bxc3 Bd6 50. Nf3 Qe6 51. Bd4 Bc7 52. Qc1 Qd6 53. Qc3 Bd8 54.
Qc2 Bb7 55. Bb2 Bc7 56. Ba3 Qc6 57. Qd3 Qe8 58. Bb2 Qe4 59. Qd1 Qe7 60. Qd2 Qd6
61. Qc3 Qc6 62. Qd3 Qd6 1/2-1/2

[Event "3MCR_3DW_1L_2S"]
[Site "?"]
[Date "2009.??.??"]
[Round "?"]
[White "Kyhos, Alois"]
[Black "Toman, Antonin"]
[Result "0-1"]
[WhiteElo "2146"]
[BlackElo "2204"]
[Annotator "011"]
[PlyCount "42"]
[EventDate "2009.??.??"]
[EventType "corr"]
[SourceDate "2002.06.29"]

1. e4 e5 2. Nf3 Nc6 3. Bb5 a6 4. Ba4 Nf6 5. O-O Be7 6. Re1 b5 7. Bb3 O-O 8. c3
d5 9. exd5 Nxd5 10. Nxe5 Nxe5 11. Rxe5 c6 12. d4 Bd6 13. Re1 Qh4 14. g3 Qh3 15.
Be3 Bg4 16. Qd3 Rae8 17. Nd2 Re6 18. a4 Qh5 19. axb5 axb5 20. Bd1 Nxe3 21. fxe3
Bxg3 0-1

[Event "3MCR_3DW_1L_2S"]
[Site "?"]
[Date "2009.??.??"]
[Round "?"]
[White "Zahour, Jiri"]
[Black "Docekal, Ales"]
[Result "1/2-1/2"]
[WhiteElo "2321"]
[BlackElo "2108"]
[Annotator "012"]
[PlyCount "83"]
[EventDate "2009.??.??"]
[EventType "corr"]
[SourceDate "2002.06.29"]

1. e4 e6 2. d4 d5 3. Nd2 dxe4 4. Nxe4 Nd7 5. Nf3 Ngf6 6. Nxf6+ Nxf6 7. Bd3 c5
8. Be3 Qc7 9. Qe2 Be7 10. dxc5 Bxc5 11. O-O O-O 12. Rad1 b6 13. Bxc5 Qxc5 14.
Qe5 Qxe5 15. Nxe5 Bb7 16. c4 Rfd8 17. Bc2 Ne4 18. f3 Nc5 19. b4 Na6 20. a3 f6
21. Ng4 Nc7 22. Ne3 g6 23. h4 Kf7 24. Kf2 e5 25. Be4 Bxe4 26. fxe4 Ke6 27. g4
Rxd1 28. Rxd1 Rc8 29. Ke2 Ne8 30. Rd5 Nc7 31. Rd2 Ne8 32. Kd3 Nd6 33. a4 f5 34.
gxf5+ gxf5 35. exf5+ Nxf5 36. Nxf5 Kxf5 37. Kc3 Rc7 38. Rd8 Kg4 39. Re8 Kf4 40.
Kd3 Rd7+ 41. Kc3 e4 42. c5 1/2-1/2

[Event "3MCR_3DW_1L_3S"]
[Site "?"]
[Date "2009.??.??"]
[Round "?"]
[White "Schoupal, Patrik"]
[Black "Splichal, Josef"]
[Result "0-1"]
[WhiteElo "2000"]
[BlackElo "2204"]
[Annotator "016"]
[PlyCount "66"]
[EventDate "2009.??.??"]
[EventType "corr"]
[SourceDate "2002.06.29"]

1. e4 e5 2. Nf3 Nc6 3. Nc3 g6 4. d4 exd4 5. Nxd4 Bg7 6. Be3 d6 7. Qd2 Nf6 8. f3
O-O 9. O-O-O Be6 10. g4 Nxd4 11. Bxd4 c5 12. Be3 Qa5 13. a3 Rfd8 14. Bh6 Bh8
15. Kb1 Qc7 16. h4 d5 17. Bf4 Qb6 18. e5 Nd7 19. Qh2 d4 20. Ne4 h6 21. g5 h5
22. Nf6+ Bxf6 23. exf6 Rac8 24. Qg1 Nf8 25. Be5 c4 26. Rxd4 c3 27. b4 Rxd4 28.
Qxd4 Rd8 29. Qxc3 Rd1+ 30. Kb2 Qf2 31. a4 Kh7 32. Bg2 Rxh1 33. Bxh1 Qf1 0-1